| 000 | 01065nam a22003137a 4500 | ||
|---|---|---|---|
| 003 | CHAP | ||
| 005 | 20220329140202.0 | ||
| 008 | 971013s1978 r 00010 d | ||
| 010 | _a48235 | ||
| 011 | _a49207 | ||
| 035 | _a53355 | ||
| 040 | _cCHAP | ||
| 090 | _aTesis | ||
| 100 | 0 | 0 |
_aVázquez Gutiérrez, Roberto. _9120384 |
| 245 | _aIdentificación de huevecillos de (mammomonogamus laryngeus) por análisis coprológicos en bovinos | ||
| 260 |
_aMéxico, D.F. : _bEl autor, _c1978 |
||
| 300 |
_a24 h. _b: ilus. |
||
| 502 | _aTesis (Médico Veterinario Zootecnista) -- UNAM. Fac. de Medicina Veterinario ZZootecnista | ||
| 590 |
_aALEPH _b10 _c20130110 _lUCH01 _h1319 |
||
| 590 |
_aBATCH-UPD _b10 _c20130110 _lUCH01 _h2059 |
||
| 590 |
_aBATCH-UPD _b10 _c20130410 _lUCH01 _h1412 |
||
| 590 |
_aBATCH-UPD _b10 _c20130914 _lUCH01 _h1529 |
||
| 590 |
_aCONVERSION _b10 _c20130109 _lUCH01 _h1326 |
||
| 650 | 1 | 4 |
_aGanado vacuno _xParásitos. _945500 |
| 650 | 1 | 4 |
_aSyngamus laryngeus. _9111147 |
| 901 | _aBK | ||
| 942 | _cTESIS | ||
| 949 |
_bBC _cTES _d-118369 _eTS1 _i53355 _si |
||
| 999 |
_c48235 _d48235 |
||